Sports Quiz

Random Sports Quiz
Score 0/16 Timer 10:00
0 Plays Today
Years Played Player % Correct
2008-2010Mark Ingram
94.4%
1996-1999Shaun Alexander
92.3%
2009-2011Trent Richardson
92.3%
2012-PresT.J. Yeldon
86.9%
2010-2012Eddie Lacy
83.8%
1985-1988Bobby Humphrey
67.6%
2005-2008Glen Coffee
65.5%
2002-2003Shaud Williams
61.3%
Years Played Player % Correct
1993-1994Sherman Williams
61.3%
1970-1971Johnny Musso
54.2%
2003-2006Ken Darby
52.8%
1989-1991Siran Stacy
45.1%
1995-1997Dennis Riddle
39.4%
1975-1978Tony Nathan
38.7%
1975-1977Johnny Davis
26.1%
1981-1984Ricky Moore
21.8%
Remove Ads.
Support Sporcle.
Get the best of Sporcle when you Go Orange. This ad-free experience offers more features, more stats, and more fun while also helping to support Sporcle. Thank you for becoming a member.

You're not logged in!

Compare scores with friends on all Sporcle quizzes.
OR
Log In

Show Comments

Extras

Created Jan 2, 2013ReportNominate
Tags:Alabama, Alabama Football

Top Quizzes Today


Score Distribution

Your Account Isn't Verified!

In order to create a playlist on Sporcle, you need to verify the email address you used during registration. Go to your Sporcle Settings to finish the process.

Report this User

Report this user for behavior that violates our Community Guidelines.

Details: